Wonky Word Clicking - Q - Statistics

General Stats
  • This quiz has been taken 243 times
    237 since last reset
  • The average score is 8 of 15
Answer Stats
Hint Answer % Correct
Quesa dilla
90%
Quag mire
86%
Quick silver
86%
Quan dary
79%
Quix otic
77%
Quinc eañera
74%
Qui noa
64%
Quok ka
55%
Qua hog
53%
Quinqua genarian
48%
Quit claim
34%
Quer ken
34%
Queen right
27%
Quid nunc
23%
Quack salver
19%
No matching quizzes found
Score Distribution
Percent of People with Each Score
Percentile by Number Answered
Your Score History
You have not taken this quiz since the last reset